Hodnotenie fyzickej záťaže operačných sestier pri práci

Meranie faktorov fyzickej pracovnej záťaže sestier pracujúcich na operačnej sále v závislosti od veku sestry, času inštrumentovania, prejdenej vzdialenosti a typu pracovnej zmeny. Na analýzu dát boli použité štatistické procedúry.

Salvato in:
Dettagli Bibliografici
Autore principale: Lauková, Jana
Altri autori: Rusnáková, Andrea
Natura: Capitolo di libro
Lingua:slovacco
Soggetti:
Tags: Aggiungi Tag
Nessun Tag, puoi essere il primo ad aggiungerne!!

MARC

LEADER 00000naa a2200000 4500
001 0273504
005 20210507122625.6
041 0 |a slo 
044 |a CZ 
245 1 0 |a Hodnotenie fyzickej záťaže operačných sestier pri práci  |c Jana Lauková, Andrea Rusnáková 
520 |a Meranie faktorov fyzickej pracovnej záťaže sestier pracujúcich na operačnej sále v závislosti od veku sestry, času inštrumentovania, prejdenej vzdialenosti a typu pracovnej zmeny. Na analýzu dát boli použité štatistické procedúry. 
610 2 0 |a zdravotníci 
610 2 0 |a zaťaženie pracovné 
610 2 0 |a zamestnanie 
610 2 0 |a zdravie duševné 
100 1 |a Lauková, Jana 
700 1 |a Rusnáková, Andrea